Badi : yang mati belum tentu pergi

Bibliographic Details
Other Authors: Eyra Rahman (Director), Adibah Yunos (actress), Azwan Kombos (Actor), Hanif Safuan (Actor), Navilya Husna (actress), Rashida Jaafar (actress), Sharisa Haris (actress)
Format: Video DVD
Language:Malay
Published: Malaysia : MIG Pictures Sdn. Bhd. 2015
Subjects:

MARC

LEADER 00000cam a2200000 7i4500
001 0000218092
005 20221003153211.0
006 g999 #c# ##### # ##vl
007 vd#cv i
008 220824s2015 my 001-c99 # vlmay
040 |a MBPJ   |b eng   |c MBPJ   |e rda 
041 0 |a may 
090 0 0 |a F   |b BAD 
100 1 |a Eyra Rahman ,   |e director 
245 1 0 |a Badi :   |b yang mati belum tentu pergi   |c Eyra Rahman 
264 1 |a Malaysia :   |b MIG Pictures Sdn. Bhd.   |c 2015 
300 |a 1 digital video disc (85 minutes) :   |b sound, colour ;   |c 12 cm. 
336 |a two-dimensional moving image  |2 rdacontent 
337 |a video  |2 rdamedia 
338 |a videodisc  |2 rdacarrier 
347 |a video file   |b DVD video  |2 rda 
500 |a Library has 3 copies 
511 1 |a Hanif Safuan, Azwan Kombos, Adibah Yunos, Rashida Jaafar, Sharisa Haris, Navilya Husna 
521 |a Parental guidance is advisable for children below 13 years old (PG13) 
546 |a Malay with subtitles in English 
650 0 0 |a Movies, Malay 
700 0 |a Adibah Yunos ,   |e actress 
700 0 |a Azwan Kombos ,   |e actor 
700 0 |a Hanif Safuan ,   |e actor 
700 0 |a Navilya Husna ,   |e actress 
700 0 |a Rashida Jaafar ,   |e actress 
700 0 |a Sharisa Haris ,   |e actress 
999 |a AV 38818   |b DIGITAL VIDEO DISC   |c PINJAMAN   |e PERPUSTAKAAN KOMUNITI PETALING JAYA 
999 |a AV 38819   |b DIGITAL VIDEO DISC   |c PINJAMAN   |e PERPUSTAKAAN KOMUNITI PETALING JAYA 
999 |a AV 41749   |b DIGITAL VIDEO DISC   |c PINJAMAN   |e PERPUSTAKAAN KOMUNITI PETALING JAYA